01208nam a22003257i 4500003000900000005001700009008004100026040004300067041000800110082002300118092000700141099003800148100003000186245008100216250002000297264005800317300002400375336002200399337002400421338003300445504003700478546002000515650005500535651001000590856005700600905000700657942001900664999001700683952018200700EG-GICUC20260121101508.0251216s1928 uk ||||fr|||| 001 0 eng d aEG-GiCUCbengcEG-GiCUCdEG-GiCUCerda aeng04221a341.22bEL . O04221 aLaw1 11 341.22 EL . O 1 ed - 19281 aEllis, C. HowardeAuthor.14aThe Origin, Structure & Working Of The League Of Nations /cC. Howard-Ellis. aFirst Published 1aLondon :bGeorge Allen & Unwin, Museum Street,c1928. a528 pages ;c24 cm. 2rda contentatext 2rda mediaaComputer 2rda carrieraOnline Resource aInclude Bibliographic references aText in English14aLeague of NationsxPublic international law2qrmak1 2qrmak40uhttps://fll.law.cu.edu.eg/fulltext/bks/B11-05015.pdf a75 2ddccBKe21n0 c50756d50756 00102ddc40718القانون الدولي العامaCUbLAW1d2025-12-16l0oLaw1 11 341.22 EL . O 1 ed - 1928 1105015 C1pB11-05015r2025-12-16 11:30:28t1w2025-12-16yBK